书目信息 |
| 题名: |
狼王
|
|
| 作者: | 酋长有德 著 | |
| 分册: | ||
| 出版信息: | 北京 中国三峡出版社 2010 |
|
| 页数: | 269页 | |
| 开本: | 24cm | |
| 丛书名: | ||
| 单 册: | ||
| 中图分类: | I247.57 | |
| 科图分类: | ||
| 主题词: | 长篇小说--中国--现代 , 长篇小说 | |
| 电子资源: | ||
| ISBN: | 978-7-80223-490-1 | |
| 000 | 00675nam0 2200241 450 | |
| 001 | 1157253829 | |
| 005 | 20111201155447.85 | |
| 010 | @a978-7-80223-490-1@dCNY28.00 | |
| 090 | @aI247.57@bqzy | |
| 096 | @aI247.57@bqzy | |
| 100 | @a20100120d2010 em y0chiy50 ea | |
| 101 | 0 | @achi |
| 102 | @aCN@b110000 | |
| 105 | @ay z 000ay | |
| 200 | 1 | @a狼王@b专著@f酋长有德著@9lang wang |
| 210 | @a北京@c中国三峡出版社@d2010 | |
| 215 | @a269页@d24cm | |
| 606 | 0 | @a长篇小说@y中国@z现代 |
| 606 | 0 | @a长篇小说 |
| 690 | @aI247.57@v4 | |
| 701 | 0 | @a酋长有德@f(1962~)@4著@9qiu chang you de |
| 801 | 0 | @aCN@b大连网信软件有限公司图书馆·11@c20111201 |
| 905 | @aZUCC@dI247.57@eQ7751 | |
| 狼王/酋长有德著.-北京:中国三峡出版社,2010 |
| 269页;24cm |
| ISBN 978-7-80223-490-1:CNY28.00 |
| ● |
| 相关链接 |
|
|
|
正题名:狼王
索取号:I247.57/Q7751
 
预约/预借
| 序号 | 登录号 | 条形码 | 馆藏地/架位号 | 状态 | 备注 |
| 1 | 826425 | 208264251 | 文学库108/108文学库 51排6列2层/ [索取号:I247.57/Q7751] | 在馆 | |
| 2 | 826426 | 208264260 | 文学库108/ [索取号:I247.57/Q7751] | 在馆 | |
| 3 | 826427 | 208264279 | 文学库108/108文学库 51排6列2层/ [索取号:I247.57/Q7751] | 在馆 |